Score 0/20 Timer 06:00
1 Play Today
Hint Answer % Correct
Adult Male Who Cannot Be SeenInvisible Man
96.2%
Concealed Drawback-Eleven Multiplied by TwoCatch-22
91.8%
Period of 366 Days Between Nineteen-Eighty-Three and Nineteen-Eighty-Five1984
89.2%
Blood-Pumping Organ Pertaining to the Absence of LightHeart of Darkness
88.2%
Pronoun Used for an Inanimate ObjectIt
86.4%
In the Direction of Where the Sun Rises Relative to the Garden of Paradise in the Book of GenesisEast of Eden
83.8%
System of Secret Communication of the Renaissance Figure LeonardoThe Da Vinci Code
83.5%
A Narrative Relating the Details of More Than One But Fewer Than Three Urban CentersA Tale of Two Cities
82.7%
A Mechanism of a Time Keeping Device of a Color Between Red and Yellow on the Visible SpectrumA Clockwork Orange
82.2%
Alternative Scale to Celsius for the Measurement of Temperature Eleven Multiplied By Forty-OneFahrenheit 451
78.9%
Hint Answer % Correct
The Primordial Titan Holding the Celestial Sphere Expressed Indifference by Raising and Contracting His ShouldersAtlas Shrugged
77.4%
The Final Remaining Members Belonging to the Eastern Algonquin Native American Tribe Originally From the Hudson River Valley and Western New EnglandLast of the Mohicans
73.1%
Legally Prohibited Action; In Addition, the Consequence of Committing One or More of These Legally Prohibited ActionsCrime and Punishment
65.1%
One Compartment of a Building in Possession of a Range of SightA Room with a View
62.7%
First Person Singular, Emperor of Rome Who Succeeded CaligulaI, Claudius
62.4%
A High Opinion of One's Own Dignity as Well as a Low Opinion of Others Formed Prior to Knowledge of Their Personal CharacteristicsPride and Prejudice
58.9%
The Organs of Sight Belonging to Them Were Observing the Monotheistic DeityTheir Eyes Were Watching God
56.8%
Third Son of David Slain by Joab, Third Son of David Slain by Joab!Absalom, Absalom!
48.6%
Middle Name at Birth of the Eighteenth President of the United States Which He Later Adopted as His First NameUlysses
44.9%
Is It the Case That Sleeping Automatons in Human Form Experience Images of Mammals of the Genus Ovis Operating on Physical Phenomena Produced by Positive and Negative Charges?Do Androids Dream of Electric Sheep?
42.5%
Remove Ads.
Support Sporcle.
Get the best of Sporcle when you Go Orange. This ad-free experience offers more features, more stats, and more fun while also helping to support Sporcle. Thank you for becoming a member.

You're not logged in!

Compare scores with friends on all Sporcle quizzes.
OR
Log In

Show Comments

Extras

Top Quizzes Today


Score Distribution

Your Account Isn't Verified!

In order to create a playlist on Sporcle, you need to verify the email address you used during registration. Go to your Sporcle Settings to finish the process.

Report this User

Report this user for behavior that violates our Community Guidelines.

Details: